Rád rozširuje fámu, že manželka je horšia ako seriálová Andrea klavirista a sladateľ Petr Malásek by bol šťastnejší, keby sa jeho syn rozhodol živiť niečím iným ako hudbou

Bibliographic Details
Main Author: Kiraľvargová, Dáša (Author)
Format: Article
Language:Slovak
PhysicalDescription:Obr.
ISSN:1336-5320
Subjects:
Online Access:www.korzar.sk

MARC

LEADER 00000nab a2200000 a 4500
001 vtls009082500
003 SK-MaSNL
005 20260303065738.0
008 070724 2007 xo r r 000 0 slo
038 |a KEVKJB 
040 |a KEVKJB  |b slo  |c KEVKJB  |e AACR2 
041 0 |a slo 
044 |a xo  |c SK 
080 |a 78.071.1/.2  |2 2001 
080 |a 929 Malásek, Petr  |2 2001 
080 |a 784.66  |2 2001 
100 1 |a Kiraľvargová, Dáša  |4 aut  |9 872583 
245 1 0 |a Rád rozširuje fámu, že manželka je horšia ako seriálová Andrea  |b klavirista a sladateľ Petr Malásek by bol šťastnejší, keby sa jeho syn rozhodol živiť niečím iným ako hudbou  |c Dáša Kiraľvargová 
300 |b Obr. 
600 1 7 |a Malásek, Petr,  |d 1964-  |2 kevkjb 
650 0 7 |a hosťovanie  |z Košice (Slovensko)  |2 kevkjb  |9 1027202 
651 7 |a Košice (Slovensko)  |2 kevkjb  |9 18694 
773 0 |t Košický večer  |g Roč. 18(39), č. 29 (20.7.2007), s. 5  |x 1336-5320 
852 |a KEVKJB  |b KIS3GCP 
856 4 1 |u www.korzar.sk 
958 |a BC 
958 |a CZ 
999 |c 1752494  |d 1754424